000 00316nam a2200145Ia 4500
100 _aWisniewski/Steve
942 _cBK
654 _aNetwork Administration
245 _aNetwork Administration
260 _bPearson Education
_c2002
082 _a621.38
_bWIS
300 _a606
546 _aENGLISH
999 _c20677
_d20677